[Event "Dortmund Sparkassen op-B"]
[Site "Dortmund"]
[Date "2008.07.05"]
[Round "8"]
[White "Benedik, Kurt"]
[Black "Kasraei, Amir Reza"]
[Result "1/2-1/2"]
[WhiteElo "1839"]
[BlackElo "1610"]
[PlyCount "62"]
[EventDate "2008.06.30"]
[EventType "swiss"]
[EventRounds "9"]
[EventCountry "GER"]
[SourceTitle "EXT 2022"]
[Source "ChessBase"]
[SourceDate "2021.10.06"]
[SourceVersion "1"]
[SourceVersionDate "2021.10.06"]
[SourceQuality "1"]

1. d4 d5 2. e3 e6 3. Bd3 Nf6 4. Nd2 Nbd7 5. f4 c5 6. c3 c4 7. Bc2 Bd6 8. Ngf3 0-0 9. Ne5 b5 10. 0-0 Qb6 11. Qf3 Bb7 12. g4 Be7 13. g5 Nxe5 14. fxe5 Ne4 15. Nxe4 dxe4 16. Qg4 b4 17. Bb1 Bd5 18. Rf4 bxc3 19. bxc3 Qa5 20. Bd2 Rab8 21. Qh5 Rb2 22. Be1 Qb6 23. Rh4 h6 24. Rh3 Rxb1 25. gxh6 Rxa1 26. hxg7 Rxe1+ 27. Kf2 Qb2+ 28. Kxe1 Qxc3+ 29. Kf1 Qc1+ 30. Kf2 Qd2+ 31. Kf1 Qc1+ 1/2-1/2

[Event "Dortmund op-B"]
[Site "Dortmund"]
[Date "2007.06.30"]
[Round "8"]
[White "Dolgopolyj, Vladimir"]
[Black "Benedik, Kurt"]
[Result "1/2-1/2"]
[WhiteElo "1816"]
[BlackElo "1777"]
[PlyCount "139"]
[EventDate "2007.06.22"]
[EventType "swiss"]
[EventRounds "9"]
[EventCountry "GER"]
[SourceTitle "EXT 2008"]
[Source "ChessBase"]
[SourceDate "2007.11.25"]
[SourceVersion "1"]
[SourceVersionDate "2007.11.25"]
[SourceQuality "1"]

1. e4 c6 2. d4 d5 3. e5 Bf5 4. g4 Be4 5. f3 Bg6 6. h4 h6 7. h5 Bh7 8. e6 Qd6 9. exf7+ Kxf7 10. Ne2 Nd7 11. Nbc3 e5 12. Be3 Re8 13. Rg1 g5 14. hxg6+ Qxg6 15. Kd2 Bg7 16. Bg2 exd4 17. Bf2 dxc3+ 18. bxc3 Ne5 19. Rb1 Nc4+ 20. Kc1 b6 21. Rb4 Qg5+ 22. f4 Rxe2 23. fxg5 Rxc2+ 24. Qxc2 Bxc2 25. Kxc2 hxg5 26. Rf1 Ke6 27. Re1+ Kd7 28. Bf1 Rh2 29. Bxc4 Rxf2+ 30. Re2 Rxe2+ 31. Bxe2 c5 32. Rb1 Be5 33. Rh1 Nf6 34. Rh8 a5 35. Rh6 Ke6 36. Rg6 Bf4 37. Rg7 Kd6 38. Rb7 Kc6 39. Rf7 Ne4 40. a4 c4 41. Bf3 Nd6 42. Ra7 Be3 43. Kd1 Nc8 44. Rf7 Nd6 45. Re7 Bf4 46. Kc2 Nc8 47. Re1 Kc5 48. Rb1 Ne7 49. Rb5+ Kc6 50. Kd1 Be5 51. Kc2 Bf4 52. Kb2 Be5 53. Bd1 Bf4 54. Be2 Be3 55. Bd1 Nc8 56. Bf3 Bc5 57. Kc2 Ne7 58. Kd2 Kd6 59. Rb1 Ke5 60. Re1+ Kf4 61. Ke2 d4 62. cxd4 Bxd4 63. Rd1 Ke5 64. Rc1 c3 65. Kd3 Bc5 66. Rxc3 Nc8 67. Rc1 Kf4 68. Ke2 Nd6 69. Rd1 Nf7 70. Rd5 1/2-1/2

[Event "Dortmund op-B"]
[Site "Dortmund"]
[Date "2007.06.27"]
[Round "5"]
[White "Szobries, Harald"]
[Black "Benedik, Kurt"]
[Result "0-1"]
[WhiteElo "1834"]
[BlackElo "1777"]
[PlyCount "92"]
[EventDate "2007.06.22"]
[EventType "swiss"]
[EventRounds "9"]
[EventCountry "GER"]
[SourceTitle "EXT 2008"]
[Source "ChessBase"]
[SourceDate "2007.11.25"]
[SourceVersion "1"]
[SourceVersionDate "2007.11.25"]
[SourceQuality "1"]

1. e4 c6 2. d4 d5 3. exd5 cxd5 4. Bd3 g6 5. c3 Bg7 6. Bf4 Nc6 7. Nd2 Nh6 8. h3 0-0 9. Ngf3 f6 10. 0-0 e5 11. dxe5 fxe5 12. Bg5 Qd6 13. Bc2 Bf5 14. Ne4 Bxe4 15. Bxe4 d4 16. Qb3+ Nf7 17. Qxb7 Rac8 18. Rfd1 Rc7 19. Qa6 Kh8 20. Bh4 Qd7 21. Qe2 Re8 22. Bg3 Rcc8 23. Rac1 Nd6 24. Bb1 e4 25. Nxd4 Nxd4 26. cxd4 Rxc1 27. Rxc1 Nf5 28. Be5 Nxd4 29. Bxg7+ Qxg7 30. Qxe4 Ne2+ 31. Qxe2 Rxe2 32. Rc8+ Qg8 33. Rxg8+ Kxg8 34. Bd3 Rxb2 35. Bc4+ Kg7 36. g3 a5 37. a4 Kf6 38. Bd5 Ke5 39. Bc6 Kd6 40. Be8 Rb8 41. Bf7 Kd7 42. Bc4 Rb4 43. Bd3 Kd6 44. Bc2 Rb2 45. Bd3 Rb3 46. Be2 Rb4 0-1

[Event "Dortmund op-B"]
[Site "Dortmund"]
[Date "2007.06.26"]
[Round "4"]
[White "Benedik, Kurt"]
[Black "Ewers, Christian"]
[Result "1-0"]
[WhiteElo "1777"]
[BlackElo "1696"]
[PlyCount "79"]
[EventDate "2007.06.22"]
[EventType "swiss"]
[EventRounds "9"]
[EventCountry "GER"]
[SourceTitle "EXT 2008"]
[Source "ChessBase"]
[SourceDate "2007.11.25"]
[SourceVersion "1"]
[SourceVersionDate "2007.11.25"]
[SourceQuality "1"]

1. d4 Nf6 2. e3 g6 3. Bd3 Bg7 4. Nd2 b6 5. f4 Bb7 6. Ngf3 e6 7. b3 d5 8. Ba3 Nbd7 9. Ng5 c5 10. c3 h6 11. Ngf3 Ne4 12. Rc1 g5 13. 0-0 g4 14. Bxe4 dxe4 15. Ne5 f5 16. Nxd7 Qxd7 17. dxc5 Qd3 18. Nc4 Bd5 19. Nd6+ Kd7 20. Re1 bxc5 21. Nf7 Rhf8 22. Ne5+ Bxe5 23. fxe5 Rfc8 24. c4 Bb7 25. Qe2 Qxe2 26. Rxe2 Kc6 27. Rd1 Rd8 28. Red2 Rxd2 29. Rxd2 Re8 30. Rd6+ Kc7 31. Bxc5 a6 32. Bb6+ Kc8 33. a4 h5 34. g3 Ba8 35. b4 Re7 36. b5 axb5 37. axb5 Re8 38. Ba5 Re7 39. c5 Bd5 40. c6 1-0

[Event "Dortmund op-B"]
[Site "Dortmund"]
[Date "2007.06.22"]
[Round "1"]
[White "Cirikovic, Semsudin"]
[Black "Benedik, Kurt"]
[Result "0-1"]
[WhiteElo "1489"]
[BlackElo "1777"]
[PlyCount "32"]
[EventDate "2007.06.22"]
[EventType "swiss"]
[EventRounds "9"]
[EventCountry "GER"]
[SourceTitle "EXT 2008"]
[Source "ChessBase"]
[SourceDate "2007.11.25"]
[SourceVersion "1"]
[SourceVersionDate "2007.11.25"]
[SourceQuality "1"]

1. d4 d5 2. c4 e6 3. Nc3 Nf6 4. Nf3 Be7 5. Bf4 a6 6. cxd5 Nxd5 7. Nxd5 Qxd5 8. e3 Bb4+ 9. Nd2 c5 10. a3 Bxd2+ 11. Qxd2 cxd4 12. 0-0-0 e5 13. Bg3 Nc6 14. f3 Be6 15. b4 Rc8 16. Kb1 Qb3+ 0-1

[Event "Dortmund Sparkassen op-B"]
[Site "Dortmund"]
[Date "2006.08.05"]
[Round "8"]
[White "Benedik, Kurt"]
[Black "Titgemeyer, Sven"]
[Result "1-0"]
[WhiteElo "1859"]
[BlackElo "1568"]
[PlyCount "93"]
[EventDate "2006.07.28"]
[EventType "swiss"]
[EventRounds "9"]
[EventCountry "GER"]
[SourceTitle "CBM 113 Extra"]
[Source "ChessBase"]
[SourceDate "2006.09.14"]
[SourceVersion "1"]
[SourceVersionDate "2006.09.14"]
[SourceQuality "1"]

1. d4 d5 2. e3 e6 3. Bd3 c5 4. c3 Nc6 5. Nd2 Be7 6. f4 f5 7. Ngf3 Nf6 8. 0-0 0-0 9. Ne5 Ne4 10. Ndf3 Rf6 11. Nxc6 bxc6 12. Ne5 Bb7 13. g4 Rh6 14. Bxe4 dxe4 15. g5 Rh4 16. Qe1 Rh5 17. Kh1 cxd4 18. Qe2 g6 19. exd4 Bd6 20. Qc4 Qc8 21. Re1 c5 22. Be3 cxd4 23. Qxc8+ Rxc8 24. Bxd4 Bc5 25. Rad1 Bxd4 26. Rxd4 a6 27. Kg2 Rh4 28. Kg3 Rh5 29. Nd7 e5 30. Nxe5 Bc6 31. Red1 Be8 32. Nd7 Bxd7 33. Rxd7 h6 34. h4 hxg5 35. hxg5 Rh7 36. Rd8+ Rxd8 37. Rxd8+ Kg7 38. Rd7+ Kg8 39. Rxh7 Kxh7 40. b4 Kg7 41. a4 Kf7 42. b5 axb5 43. a5 Ke6 44. a6 Kd5 45. a7 Kc4 46. a8Q Kxc3 47. Qc6+ 1-0

[Event "Dortmund Sparkassen op-B"]
[Site "Dortmund"]
[Date "2006.08.04"]
[Round "7"]
[White "Maibaum, Ludwig"]
[Black "Benedik, Kurt"]
[Result "1/2-1/2"]
[WhiteElo "1566"]
[BlackElo "1859"]
[PlyCount "61"]
[EventDate "2006.07.28"]
[EventType "swiss"]
[EventRounds "9"]
[EventCountry "GER"]
[SourceTitle "CBM 113 Extra"]
[Source "ChessBase"]
[SourceDate "2006.09.14"]
[SourceVersion "1"]
[SourceVersionDate "2006.09.14"]
[SourceQuality "1"]

1. c4 f5 2. d4 e6 3. Nc3 d5 4. e3 c6 5. f4 Nf6 6. Nf3 Ne4 7. Bd3 Nd7 8. 0-0 Ndf6 9. Bd2 Be7 10. Be1 0-0 11. Ne5 Bd7 12. Bh4 Be8 13. Be2 Kh8 14. Nxe4 Nxe4 15. Bxe7 Qxe7 16. cxd5 cxd5 17. Rc1 Qb4 18. Nd3 Qa5 19. a3 Bb5 20. Qe1 Qa6 21. Nb4 Qb6 22. Qd1 Rac8 23. Bxb5 Qxb5 24. Qd3 Qxd3 25. Nxd3 Nd2 26. Rfe1 Nb3 27. Rxc8 Rxc8 28. Re2 Kg8 29. Kf2 Kf8 30. Kf3 Ke7 31. h3 1/2-1/2

[Event "Dortmund Sparkassen op-B"]
[Site "Dortmund"]
[Date "2006.07.28"]
[Round "1"]
[White "Stockhuss, Kevin"]
[Black "Benedik, Kurt"]
[Result "1/2-1/2"]
[WhiteElo "1542"]
[BlackElo "1859"]
[PlyCount "69"]
[EventDate "2006.07.28"]
[EventType "swiss"]
[EventRounds "9"]
[EventCountry "GER"]
[SourceTitle "CBM 113 Extra"]
[Source "ChessBase"]
[SourceDate "2006.09.14"]
[SourceVersion "1"]
[SourceVersionDate "2006.09.14"]
[SourceQuality "1"]

1. d4 f5 2. Nf3 Nf6 3. g3 e6 4. Bg2 c5 5. c3 Nc6 6. 0-0 d5 7. Bg5 Bd6 8. e3 0-0 9. Nbd2 b6 10. dxc5 bxc5 11. c4 h6 12. Bxf6 Rxf6 13. Qe2 Ba6 14. b3 Rc8 15. Rac1 Ne7 16. Qd1 e5 17. Kh1 f4 18. exf4 exf4 19. Re1 d4 20. Ne4 Rf8 21. Qe2 Re8 22. Bh3 Rc7 23. Nxd6 Qxd6 24. Qd3 Bc8 25. Bxc8 Rcxc8 26. Re4 Ng6 27. Rce1 Rxe4 28. Qxe4 Rd8 29. Qb7 Rf8 30. Nd2 Rb8 31. Qe4 fxg3 32. fxg3 Nf8 33. Qe5 Qc6+ 34. Qe4 Qd6 35. Qd5+ 1/2-1/2

[Event "Oberliga NRW 8788 II"]
[Site "Germany"]
[Date "1988.??.??"]
[Round "8"]
[White "Benedik, Kurt"]
[Black "Hagemann, Sven"]
[Result "1/2-1/2"]
[WhiteElo "1800"]
[BlackElo "1910"]
[PlyCount "41"]
[EventDate "1987.10.??"]
[EventType "team"]
[EventRounds "9"]
[EventCountry "GER"]
[SourceTitle "EXT 1997"]
[Source "ChessBase"]
[SourceDate "1996.11.15"]
[SourceVersion "1"]
[SourceVersionDate "1996.11.15"]
[SourceQuality "1"]
[WhiteTeam "Duisburg"]
[BlackTeam "Neuenkirchen"]
[WhiteTeamCountry "GER"]
[BlackTeamCountry "GER"]

1. d4 Nf6 2. Nf3 e6 3. Bg5 c5 4. c3 b6 5. Nbd2 Bb7 6. e3 h6 7. Bxf6 Qxf6 8. Bd3 Nc6 9. Qe2 cxd4 10. exd4 d5 11. 0-0 Bd6 12. Rae1 0-0 13. Ne5 Bxe5 14. dxe5 Qe7 15. Qg4 f5 16. Qg6 Qf7 17. Qxf7+ Rxf7 18. Nf3 Rc8 19. Nd4 Nxd4 20. cxd4 Rfc7 21. h3 1/2-1/2